| 000 -ლიდერი |
| ფიქსირებული სიგრძის საკონტროლო ველი |
02423nam a2200325Ia 4500 |
| 001 - საკონტროლო ნომერი |
| საკონტროლო ველი |
23639 |
| 003 - საკონტროლო ნომრის იდენტიფიკატორი |
| საკონტროლო ველი |
GE_BSU |
| 005 - ბოლო ოპერაციის თარიღი და დრო |
| საკონტროლო ველი |
20191223114758.0 |
| 008 - ფიქსირებული სიგრძის მონაცემთა ელემენტები - ზოგადი ინფორმაცია |
| ფიქსირებული სიგრძის საკონტროლო ველი |
181216s2007||||ge |||||||||||||| ||geo|| |
| 020 ## - წიგნის საერთაშორისო სტანდარტული ნომერი |
| International Standard Book Number |
9789941409301 |
| 040 ## - კატალოგიზაციის წყარო |
| Transcribing agency |
GE_BSU |
| 041 ## - ენის კოდი |
| Language code of text/sound track or separate title |
geo |
| 080 ## - უნივერსალური ათობითი კლასიფიკაციის ინდექსი |
| Universal Decimal Classification number |
94(479.223) ს-24 |
| 245 ## - ცნობა სათაურის შესახებ |
| Title |
სამხრეთ-დასავლეთ საქართველოს ისტორიის ნარკვევები : აჭარა = Очерки истории Юго-Западной Грузии : Аджария 4 ტომად : |
| Remainder of title |
ტ. 1 : (უძველესი დროიდან ახ.წ. V საუკუნემდე) / |
| Statement of responsibility, etc |
ტომის ავტ.: გიორგი მელიქიშვილი, ოთარ ჯაფარიძე, დავით მუსხელიშვილი და სხვ. ; რედ. დავით ხახუტაიშვილი, ამირან კახიძე. |
| 264 ## - წარმოების, გამოცემის, დისტრიბუციის და სხვა ცნობები |
| გამოცემის, წარმოების, დისტრიბუციის... ადგილი |
ბათუმი : |
| გამოცემის, წარმოების, დისტრიბუციის... სახელწოდება |
შპს "დიოსკურია-2004, |
| გამოცემის, წარმოების, დისტრიბუციის... თარიღი |
2007. |
| 300 ## - ფიზიკური აღწერა |
| Extent |
480 გვ.; |
| Other physical details |
29 სმ. |
| 300 ## - ფიზიკური აღწერა |
| Accompanying material |
ძირითადი შემოკლ.: გვ. 368-369. - ილუსტრაციები: გვ. 370-480. - ბიბლიოგრ. ტექსტ. შენიშვნ.. |
| 501 ## - შენიშვნა თანმხლებ მასალაზე |
| With note |
ძირითადი შემოკლ.: გვ. 368-369. - ილუსტრაციები: გვ. 370-480. |
| 504 ## - BIBLIOGRAPHY, ETC. NOTE |
| Bibliography, etc |
ბიბლიოგრ. ტექსტ. შენიშვნ. |
| 520 ## - SUMMARY, ETC. |
| Summary, etc |
პარალ. სათ. რუს. და ინგლ. |
| 653 ## - INDEX TERM--UNCONTROLLED |
| Uncontrolled term |
სამხრეთ-დასავლეთ საქართველოს ისტორია |
| 653 ## - INDEX TERM--UNCONTROLLED |
| Uncontrolled term |
აჭარის ისტორია |
| 700 ## - ADDED ENTRY--PERSONAL NAME |
| Personal name |
მელიქიშვილი, გიორგი |
| Relator term |
ავტორი |
| 9 (RLIN) |
5899 |
| 700 ## - ADDED ENTRY--PERSONAL NAME |
| Personal name |
ჯაფარიძე, ოთარ და სხვ. |
| Relator term |
ავტორი |
| 9 (RLIN) |
5900 |
| 700 ## - ADDED ENTRY--PERSONAL NAME |
| Relator term |
რედაქტორი |
| 9 (RLIN) |
5902 |
| Personal name |
ხახუტაიშვილი, დავით |
| 700 ## - ADDED ENTRY--PERSONAL NAME |
| Relator term |
რედაქტორი |
| 9 (RLIN) |
5902 |
| Personal name |
კახიძე, ამირან |
| 710 ## - ADDED ENTRY--CORPORATE NAME |
| Corporate name or jurisdiction name as entry element |
ბათუმის შოთა რუსთაველის სახ. უნ-ტი |
| 9 (RLIN) |
5906 |
| Subordinate unit |
ბათუმის ნ. ბერძენიშვილის ინ-ტი |
| 942 ## - ADDED ENTRY ELEMENTS (KOHA) |
| Koha item type |
წიგნი |
| Source of classification or shelving scheme |
|